00558nam a22001697a 4500003000900000008004100009040007100050082002000121100003100141245003500172260007800207300002700285505002500312650001400337650002100351650001600372AR-CdUCM190314b ||||| |||| 00| 0 spa d aMUNICIPALIDAD PROVINCIAL DEL CUSCOcBIBLIOTECA MUNICIPAL DEL CUSCO a869.56 / bCh61 aChirinos Arrieta, Eduardo, aArchivo de huellas digitales / aLima :bDepartamento de relaciones públicas de Petroperú S.A.,c1985. a53 páginas ;c20 cm. aContenido : Poesía aPoesía  aPoetas peruanos  aLiteratura